The natural : how to effortlessly attract the women you want
| Main Author: | |
|---|---|
| Format: | Book |
| Published: |
New York :
Harper Collins Publishers ,
2012
|
| Subjects: |
MARC
| LEADER | 00000cam a2200000 7i4500 | ||
|---|---|---|---|
| 001 | 0000166316 | ||
| 005 | 20120927.0 | ||
| 020 | |a 9780062089786 | ||
| 090 | 0 | 0 | |a 646.78 |b LAR |
| 100 | 1 | |a La Ruina, Richard | |
| 245 | 1 | 4 | |a The natural : |b how to effortlessly attract the women you want |c Richard La Ruina |
| 260 | |a New York : |b Harper Collins Publishers , |c 2012 | ||
| 300 | |a 212p. ; |c 22cm. | ||
| 650 | 0 | 0 | |a Dating (Social customs) |
| 650 | 0 | 0 | |a Man-woman relationships |
| 650 | 0 | 0 | |a Seduction |
| 999 | |a 00265832 |b BUKU |c PINJAMAN |e PERPUSTAKAAN KOMUNITI PETALING JAYA | ||